000 nam a22 7a 4500
999 _c43774
_d43774
003 OSt
005 20180220144402.0
008 180220b xxu||||| |||| 00| 0 eng d
040 _cIIMT
100 _aSINGH,AVTAR
245 _aCONTRACT & SPECIFIC RELIEF
260 _aLUCKNOW
_bEASTERN BOOK COMPANY
_c2017
300 _a984
942 _2ddc
_c02